[Event "Werner-Ott-Open Kreuzberger Sommer 2015"]
[Site "Berlin"]
[Date "2015.07.14"]
[Round "4.1"]
[White "Muse, Drazen"]
[Black "Stern, Rene"]
[Result "1/2-1/2"]
[WhiteElo "2404"]
[BlackElo "2533"]
[PlyCount "86"]
[EventDate "2015.??.??"]
[WhiteTeam "SK K[+]nig Tegel"]
[BlackTeam "SK K[+]nig Tegel"]

1. e4 e5 2. Nf3 Nc6 3. Bb5 a6 4. Bxc6 dxc6 5. O-O Qf6 6. d4 exd4 7. Bg5 Qd6 8.
Nxd4 Bd7 9. Nc3 Be7 10. Bxe7 Nxe7 11. Nb3 Qxd1 12. Raxd1 b6 13. Nd4 c5 14. Nde2
O-O-O 15. Nf4 Nc6 16. Ncd5 f5 17. exf5 Bxf5 18. Ne3 Bd7 19. c3 Ne5 20. Rd5 Rde8
21. Nh5 Bc6 22. Rd2 g6 23. Nf6 Re6 24. Nfd5 c4 25. Nb4 Bb5 26. Nbc2 Rhe8 27.
Na3 Bc6 28. Rd4 b5 29. Nac2 Bb7 30. Rfd1 Nd3 31. b3 cxb3 32. axb3 Nc5 33. Rb1
Ne4 34. c4 bxc4 35. bxc4 Nc3 36. Re1 a5 37. Rd3 Ne4 38. Ra3 Nd6 39. Rea1 Re4
40. Rxa5 Nxc4 41. Nxc4 Rxc4 42. Ne3 Rb4 43. Rc5 Re7 1/2-1/2

[Event "Werner-Ott-Open Kreuzberger Sommer 2015"]
[Site "Berlin"]
[Date "2015.07.14"]
[Round "4.2"]
[White "Giemsa, Stephan"]
[Black "Kalinitschew, Sergey"]
[Result "0-1"]
[WhiteElo "2322"]
[BlackElo "2427"]
[PlyCount "74"]
[EventDate "2015.??.??"]
[WhiteTeam "SK K[+]nig Tegel"]
[BlackTeam "SC Kreuzberg"]

1. d4 d6 2. e4 g6 3. c4 Bg7 4. Nc3 Nc6 5. Be3 e5 6. d5 Nce7 7. c5 f5 8. Bb5+
Kf8 9. f3 Bh6 10. Bxh6+ Nxh6 11. Qd2 Kg7 12. cxd6 cxd6 13. O-O-O a6 14. Bd3 Bd7
15. Kb1 Rf8 16. Nge2 Qb6 17. Bc2 fxe4 18. Nxe4 Nhf5 19. Rc1 Ne3 20. Bb3 Bf5 21.
N2g3 h6 22. Rc3 Bxe4+ 23. fxe4 Ng4 24. Rhc1 Rac8 25. h3 Nf6 26. a3 Rxc3 27.
Rxc3 Rc8 28. Rf3 Qg1+ 29. Rf1 Qb6 30. Rxf6 Kxf6 31. Qxh6 Qg1+ 32. Ka2 Kf7 33.
Qh7+ Ke8 34. Qh8+ Kd7 35. Qf6 Rc1 36. Qe6+ Ke8 37. Ba4+ b5 0-1

[Event "Werner-Ott-Open Kreuzberger Sommer 2015"]
[Site "Berlin"]
[Date "2015.07.14"]
[Round "4.3"]
[White "Gebigke, Martin"]
[Black "Von Herman, Ulf"]
[Result "0-1"]
[WhiteElo "2148"]
[BlackElo "2375"]
[PlyCount "82"]
[EventDate "2015.??.??"]
[WhiteTeam "SC Kreuzberg"]
[BlackTeam "SK K[+]nig Tegel"]

1. e4 c5 2. Nf3 Nc6 3. d4 cxd4 4. Nxd4 Nf6 5. Nc3 e5 6. Ndb5 d6 7. Nd5 Nxd5 8.
exd5 Nb8 9. c4 Be7 10. Be2 O-O 11. O-O a6 12. Nc3 Nd7 13. Be3 f5 14. f3 Bg5 15.
Bf2 Bf4 16. Bd3 Qg5 17. Qe2 Rf6 18. h4 Qh6 19. g3 Bd2 20. Na4 e4 21. fxe4 Ne5
22. exf5 Nxd3 23. Qxd3 Bxf5 24. Qd4 Bh3 25. Rad1 Bxf1 26. Rxd2 Bh3 27. Kh2 Bg4
28. Be3 Qh5 29. Nc3 Bf3 30. Rf2 b5 31. cxb5 axb5 32. a3 Raf8 33. Bg5 R6f7 34.
Nxb5 h6 35. Be3 Bxd5 36. Rxf7 Rxf7 37. Nc3 Bb7 38. Qd1 Qe5 39. Bf4 Rxf4 40.
gxf4 Qxf4+ 41. Kh3 Qe3+ 0-1

[Event "Werner-Ott-Open Kreuzberger Sommer 2015"]
[Site "Berlin"]
[Date "2015.07.14"]
[Round "4.4"]
[White "Bruedigam, Martin"]
[Black "Federau, Juergen"]
[Result "1-0"]
[WhiteElo "2350"]
[BlackElo "2147"]
[PlyCount "81"]
[EventDate "2015.??.??"]
[WhiteTeam "SK K[+]nig Tegel"]
[BlackTeam "SC Kreuzberg"]

1. e4 c5 2. Nf3 d6 3. Bb5+ Bd7 4. Bxd7+ Nxd7 5. O-O Ngf6 6. Qe2 Rc8 7. c3 e6 8.
d4 cxd4 9. cxd4 d5 10. e5 Ne4 11. Be3 Be7 12. Ne1 f5 13. f3 Ng5 14. Nd3 O-O 15.
Nc3 Rc6 16. Rfc1 Qb8 17. Qd2 h6 18. a4 Nb6 19. b3 Rfc8 20. Nc5 Nf7 21. f4 Bxc5
22. dxc5 Nd7 23. b4 a5 24. b5 R6c7 25. Nxd5 exd5 26. e6 Nf6 27. exf7+ Rxf7 28.
Bd4 Ne4 29. Qe3 Re8 30. c6 bxc6 31. Rxc6 Rc8 32. Be5 Qb7 33. Rac1 Rxc6 34. bxc6
Qa6 35. h3 Rf8 36. Kh2 Rc8 37. Qd4 Rxc6 38. Qxd5+ Re6 39. Rc7 Nf6 40. Bxf6 gxf6
41. Re7 1-0

[Event "Werner-Ott-Open Kreuzberger Sommer 2015"]
[Site "Berlin"]
[Date "2015.07.14"]
[Round "4.5"]
[White "Cusnariov, Nikolai"]
[Black "Lerch, Philipp"]
[Result "0-1"]
[WhiteElo "2131"]
[BlackElo "2324"]
[PlyCount "90"]
[EventDate "2015.??.??"]
[WhiteTeam "USV Potsdam"]
[BlackTeam "SC Kreuzberg"]

1. d4 Nf6 2. Nf3 e6 3. g3 b6 4. Bg2 Be7 5. c4 Bb7 6. O-O O-O 7. Nc3 d6 8. Qc2
c5 9. dxc5 bxc5 10. e4 Nc6 11. Rd1 Qb6 12. Bg5 Rfd8 13. Nb5 a6 14. Nc3 h6 15.
Bf4 Ng4 16. Na4 Qa7 17. h3 Nge5 18. Be3 Bf6 19. Nxe5 Bxe5 20. Rac1 Bd4 21. Bxd4
Nxd4 22. Qd2 f5 23. Qe3 fxe4 24. Bxe4 Bxe4 25. Qxe4 Qf7 26. Nc3 Rf8 27. f4 e5
28. Rf1 exf4 29. Rxf4 Qxc4 30. Rcf1 Qe6 31. Qxe6+ Nxe6 32. Rxf8+ Rxf8 33. Rd1
Rd8 34. Nd5 Rb8 35. b3 Kf7 36. Re1 Re8 37. b4 c4 38. a4 Nd4 39. Rf1+ Kg6 40.
Nf4+ Kh7 41. Rc1 Rc8 42. Rd1 Nb3 43. Rxd6 c3 44. Rxa6 c2 45. Ne2 Re8 0-1

[Event "Werner-Ott-Open Kreuzberger Sommer 2015"]
[Site "Berlin"]
[Date "2015.07.14"]
[Round "4.6"]
[White "Jahnz, Fabian"]
[Black "Burger, Heinrich"]
[Result "1/2-1/2"]
[WhiteElo "2221"]
[BlackElo "2088"]
[Annotator "Kreuzberg,Schachclub"]
[PlyCount "52"]
[EventDate "2015.??.??"]
[WhiteTeam "SK K[+]nig Tegel"]
[BlackTeam "VfB Hermsdorf"]

1. e4 {[%emt 0:00:00]} g6 2. d4 c6 3. Nf3 Bg7 4. c3 d5 5. Nbd2 Nh6 6. Bd3 O-O
7. O-O f6 8. h4 Bg4 9. Qb3 Qd7 10. Re1 e6 11. Nh2 Bh5 12. Ndf1 f5 13. exd5 cxd5
14. Bf4 Nc6 15. f3 Kh8 16. Re2 Nf7 17. Rae1 Rae8 18. Bb5 Bf6 19. g4 fxg4 20.
fxg4 Bxh4 21. Bg3 Bxg3 22. Nxg3 Qd6 23. Re3 Ng5 24. gxh5 Nf3+ 25. Kg2 Nxe1+ 26.
Rxe1 gxh5 1/2-1/2

[Event "Werner-Ott-Open Kreuzberger Sommer 2015"]
[Site "Berlin"]
[Date "2015.07.14"]
[Round "4.7"]
[White "Schmidek, Emil"]
[Black "Bolk, Matthias"]
[Result "1/2-1/2"]
[WhiteElo "2181"]
[BlackElo "2062"]
[PlyCount "76"]
[EventDate "2015.??.??"]
[WhiteTeam "TuS Makkabi Berlin"]
[BlackTeam "ohne Verein"]

1. e4 c5 2. Nf3 d6 3. d4 cxd4 4. Nxd4 Nf6 5. Nc3 g6 6. Be3 Bg7 7. f3 Nc6 8. Qd2
Bd7 9. O-O-O h5 10. Kb1 Rc8 11. h3 h4 12. Nxc6 bxc6 13. Bc4 Qc7 14. Rhe1 Rb8
15. Bb3 Rh5 16. f4 d5 17. Bd4 c5 18. Be5 Rxe5 19. fxe5 Nxe4 20. Nxe4 dxe4 21.
Rxe4 Bf5 22. Rxh4 Bxe5 23. Qh6 e6 24. Ba4+ Ke7 25. Rd7+ Qxd7 26. Bxd7 Rxb2+ 27.
Kc1 Rxc2+ 28. Kd1 Kxd7 29. g4 Be4 30. Qf8 Rxa2 31. Qxc5 Bf3+ 32. Kc1 Ra1+ 33.
Kc2 Be4+ 34. Kd2 Bf4+ 35. Ke2 Ra2+ 36. Kf1 Ra1+ 37. Ke2 Ra2+ 38. Kf1 Ra1+
1/2-1/2

[Event "Werner-Ott-Open Kreuzberger Sommer 2015"]
[Site "Berlin"]
[Date "2015.07.14"]
[Round "4.8"]
[White "Kutschke, Jens"]
[Black "Dimitrijeski, Kristian"]
[Result "1-0"]
[WhiteElo "1994"]
[BlackElo "2179"]
[PlyCount "113"]
[EventDate "2015.??.??"]
[WhiteTeam "SF 1903 Berlin"]
[BlackTeam "SK K[+]nig Tegel"]

1. e4 e5 2. Nf3 Nc6 3. Bc4 Bc5 4. c3 Nf6 5. d4 exd4 6. cxd4 Bb4+ 7. Bd2 Bxd2+
8. Nbxd2 d5 9. exd5 Nxd5 10. Qb3 Nce7 11. O-O O-O 12. Ne5 c6 13. a4 Qb6 14.
Bxd5 Nxd5 15. Qxb6 axb6 16. Ne4 f6 17. Nc4 Bf5 18. Ned6 Bd3 19. Rfc1 Bxc4 20.
Nxc4 Rfd8 21. Kf1 Ra6 22. Rd1 Nb4 23. Ne3 Nd5 24. g3 Kf7 25. b3 Nc3 26. Rd3 Nd5
27. Rad1 Raa8 28. Ke2 Rd7 29. Nxd5 Rxd5 30. Kd2 b5 31. axb5 Rxb5 32. Kc3 Rd5
33. R1d2 Ra1 34. h4 Rc1+ 35. Kb2 Re1 36. Kc3 f5 37. Re3 Rxe3+ 38. fxe3 Ke6 39.
Rg2 Ra5 40. g4 g6 41. gxf5+ Rxf5 42. Rg4 Rf3 43. Kd3 Kf6 44. Ke4 Rh3 45. b4 Ke6
46. Rf4 Rh2 47. Kd3 Rg2 48. Kc4 Rg3 49. e4 g5 50. hxg5 Rxg5 51. e5 Rg7 52. Rf6+
Kd7 53. b5 Kc7 54. bxc6 bxc6 55. Kc5 Rg8 56. Rf7+ Kd8 57. Rxh7 1-0

[Event "Werner-Ott-Open Kreuzberger Sommer 2015"]
[Site "Berlin"]
[Date "2015.07.14"]
[Round "4.9"]
[White "Von Wantoch-Rekowski, Danijela"]
[Black "Zahn, Benno"]
[Result "1/2-1/2"]
[WhiteElo "2166"]
[BlackElo "2069"]
[PlyCount "130"]
[EventDate "2015.??.??"]
[WhiteTeam "SF Berlin"]
[BlackTeam "SV Hellas Nauen"]

1. e4 c5 2. Nc3 a6 3. d3 b5 4. Be3 e6 5. f4 d5 6. exd5 exd5 7. Qe2 Be6 8. Bf2
Nh6 9. g4 Nxg4 10. f5 Nxf2 11. Qxf2 Bc8 12. Bg2 Be7 13. O-O-O Bb7 14. Nh3 O-O
15. Nf4 Bg5 16. Kb1 Bxf4 17. Qxf4 b4 18. Na4 Nd7 19. Qd6 Rc8 20. Bxd5 Bxd5 21.
Qxd5 Nf6 22. Qg2 Qd4 23. Nb6 Rce8 24. Rhg1 g6 25. Rdf1 Kg7 26. Rf2 Re7 27. Nc4
Rfe8 28. a3 bxa3 29. fxg6 Re1+ 30. Rxe1 Rxe1+ 31. Ka2 hxg6 32. Nxa3 Nd5 33. Qf3
f6 34. c3 Qe5 35. Nc4 Qg5 36. Re2 Rxe2 37. Qxe2 f5 38. Nd6 Qe7 39. Qxe7+ Nxe7
40. Nb7 c4 41. dxc4 f4 42. Nc5 Kf6 43. Kb1 f3 44. Kc2 Kf5 45. Kd2 Nc6 46. Ke3
Ne5 47. b3 a5 48. Nd3 Ng4+ 49. Kxf3 Nxh2+ 50. Kg2 Ng4 51. Nb2 Ke4 52. b4 a4 53.
Nxa4 Ne3+ 54. Kg3 Nxc4 55. Kg4 Ne5+ 56. Kg5 Kd5 57. Nb2 Ke6 58. c4 Nc6 59. b5
Ne5 60. Kf4 Kd6 61. Ke4 g5 62. Kf5 g4 63. Kf4 g3 64. Kxg3 Kc5 65. Kf4 Nxc4
1/2-1/2

[Event "Werner-Ott-Open Kreuzberger Sommer 2015"]
[Site "Berlin"]
[Date "2015.07.14"]
[Round "4.12"]
[White "Niehaus, Frank"]
[Black "Kievelitz, Bernd"]
[Result "1/2-1/2"]
[WhiteElo "2214"]
[BlackElo "1953"]
[PlyCount "102"]
[EventDate "2015.??.??"]
[WhiteTeam "SK K[+]nig Tegel"]
[BlackTeam "SC Zitadelle Spandau"]

1. e4 c5 2. Nf3 e6 3. d4 cxd4 4. Nxd4 a6 5. Nc3 Qc7 6. Bd3 Nf6 7. O-O d6 8. Kh1
Be7 9. f4 Nbd7 10. Qe2 h5 11. Bd2 b6 12. Rae1 Bb7 13. b4 h4 14. Kg1 b5 15. Nd1
Nb6 16. e5 Nfd5 17. Bxb5+ axb5 18. Nxb5 Qc4 19. exd6 Qxe2 20. Rxe2 Ba6 21. c4
Nxc4 22. dxe7 Bxb5 23. Rfe1 Rxa2 24. Bc3 Rxe2 25. Rxe2 Nd6 26. Ra2 Kxe7 27.
Ra7+ Bd7 28. Bxg7 Rc8 29. Ra1 Nf5 30. Be5 Nxb4 31. Nf2 f6 32. Bb2 Nd5 33. Nd3
Rc7 34. Rc1 Rxc1+ 35. Bxc1 Bb5 36. Ne1 Nde3 37. Nf3 Bc6 38. Bxe3 Nxe3 39. Nxh4
Be4 40. Kf2 Nd5 41. g3 Kf7 42. Nf3 Bxf3 43. Kxf3 f5 44. h3 Kg6 45. Ke2 Kf6 46.
Kf3 e5 47. fxe5+ Kxe5 48. h4 Nf6 49. Ke3 Nd5+ 50. Kf3 Kf6 51. g4 fxg4+ 1/2-1/2

[Event "Werner-Ott-Open Kreuzberger Sommer 2015"]
[Site "Berlin"]
[Date "2015.07.14"]
[Round "4.13"]
[White "Wierzbicki, Jirawat"]
[Black "Krefenstein, Sergej"]
[Result "1/2-1/2"]
[WhiteElo "1972"]
[BlackElo "2182"]
[PlyCount "92"]
[EventDate "2015.??.??"]
[WhiteTeam "SK K[+]nig Tegel"]
[BlackTeam "TuS Makkabi Berlin"]

1. e4 c5 2. c3 Nf6 3. e5 Nd5 4. d4 cxd4 5. cxd4 d6 6. Nf3 Nc6 7. Bc4 Nb6 8. Bb5
d5 9. O-O Bg4 10. Nc3 e6 11. Be3 Be7 12. h3 Bh5 13. Rc1 O-O 14. Be2 Rc8 15. Nh2
Bg6 16. f4 Nc4 17. Bxc4 dxc4 18. d5 exd5 19. Qxd5 Bd3 20. Rfd1 a6 21. Ng4 Bh4
22. Nf2 Bxf2+ 23. Bxf2 b5 24. a3 Qxd5 25. Nxd5 Rfd8 26. Nc3 Nd4 27. Bxd4 Rxd4
28. Ne2 Re4 29. Ng3 Rd4 30. Nf5 Rd7 31. Rxd3 Rxd3 32. Ne7+ Kf8 33. Nxc8 Rd2 34.
Rb1 Ke8 35. Nd6+ Ke7 36. Kh2 Ke6 37. Ne4 Re2 38. Nc3 Rd2 39. Ne4 Re2 40. Ng5+
Kf5 41. Nxf7 Kxf4 42. Rf1+ Ke3 43. Rd1 Kf4 44. Rf1+ Ke3 45. Rd1 Kf4 46. Rf1+
Ke3 1/2-1/2

[Event "Werner-Ott-Open Kreuzberger Sommer 2015"]
[Site "Berlin"]
[Date "2015.07.14"]
[Round "4.14"]
[White "Schnoor, Ekkehard"]
[Black "Wimmer, Thomas"]
[Result "1-0"]
[WhiteElo "2141"]
[BlackElo "1917"]
[PlyCount "46"]
[EventDate "2015.??.??"]
[WhiteTeam "SC Kreuzberg"]
[BlackTeam "SK Marburg"]

1. e4 c5 2. Nf3 e6 3. g3 Nc6 4. Bg2 g6 5. d4 cxd4 6. Nxd4 Bg7 7. Nb5 Qa5+ 8.
N1c3 Bxc3+ 9. Nxc3 b6 10. O-O Bb7 11. Bd2 Qc5 12. Be3 Qb4 13. Qd2 Nge7 14. a3
Qa5 15. f4 Qh5 16. Bf3 Qh3 17. Nb5 Rb8 18. Nd6+ Kf8 19. Qc3 Rg8 20. Qf6 Nd8 21.
f5 exf5 22. Bg2 Qh5 23. g4 Qxg4 1-0

[Event "Werner-Ott-Open Kreuzberger Sommer 2015"]
[Site "Berlin"]
[Date "2015.07.14"]
[Round "4.15"]
[White "Hohn, August"]
[Black "Kopisch, Martin"]
[Result "0-1"]
[WhiteElo "1908"]
[BlackElo "2139"]
[Annotator "Kreuzberg,Schachclub"]
[PlyCount "92"]
[EventDate "2015.??.??"]
[WhiteTeam "SC Zugzwang 95 (Berlin)"]
[BlackTeam "Bille SC"]

1. c4 {[%emt 0:00:00]} c5 2. g3 Nc6 3. Bg2 g6 4. Nf3 Bg7 5. O-O e5 6. Nc3 d6 7.
d3 Nge7 8. e3 O-O 9. Qc2 h6 10. a3 Be6 11. Rd1 Qd7 12. Rb1 Rad8 13. b4 b6 14.
b5 Nb8 15. a4 d5 16. cxd5 Nxd5 17. Nxd5 Bxd5 18. Bb2 Qe6 19. Qc3 Rfe8 20. Rd2
Re7 21. e4 Bb7 22. a5 Qd6 23. Rbd1 Nd7 24. Ne1 g5 25. Nc2 Bc8 26. Ne3 Nf8 27.
Nd5 Ree8 28. axb6 axb6 29. Ra1 Be6 30. Ne3 Qd7 31. Nc4 Qxb5 32. f4 Bxc4 33.
dxc4 Qc6 34. Rd5 Rxd5 35. exd5 Qd6 36. Re1 gxf4 37. gxf4 Ng6 38. Qg3 Nxf4 39.
Qxf4 exf4 40. Rxe8+ Bf8 41. Be5 Qd7 42. Rb8 Qg4 43. Kf2 Qh4+ 44. Kf1 Qe7 45. d6
Qxe5 46. d7 Qxb8 0-1

[Event "Werner-Ott-Open Kreuzberger Sommer 2015"]
[Site "Berlin"]
[Date "2015.07.14"]
[Round "4.17"]
[White "Shapiro, Yosip"]
[Black "Steinborn, Bjoern"]
[Result "1-0"]
[WhiteElo "2114"]
[BlackElo "1900"]
[PlyCount "81"]
[EventDate "2015.??.??"]
[WhiteTeam "SV Berolina Mitte"]
[BlackTeam "SC Weisse Dame (Berlin)"]

1. Nf3 Nf6 2. c4 e6 3. Nc3 d5 4. d4 c6 5. Bg5 Be7 6. e3 Nbd7 7. Bd3 h6 8. Bh4
O-O 9. O-O dxc4 10. Bxc4 Nd5 11. Bg3 N7f6 12. Nd2 Nxc3 13. bxc3 b6 14. e4 Bb7
15. e5 Nd5 16. Qb3 Rc8 17. Ne4 c5 18. Nd6 Bxd6 19. exd6 cxd4 20. cxd4 Qd7 21.
Rac1 Nf6 22. Bb5 Bc6 23. Ba6 Bb7 24. Bxb7 Qxb7 25. Rc7 Rxc7 26. dxc7 Ne4 27.
Rc1 Rc8 28. Be5 Qd5 29. f3 Qxb3 30. axb3 Nf6 31. b4 Nd5 32. b5 f6 33. Bg3 Kf7
34. Ra1 Ke8 35. Rxa7 Kd7 36. Rb7 Nxc7 37. Rxb6 e5 38. dxe5 fxe5 39. Bxe5 Ne6
40. Rb7+ Kd8 41. Bxg7 1-0

[Event "Werner-Ott-Open Kreuzberger Sommer 2015"]
[Site "Berlin"]
[Date "2015.07.14"]
[Round "4.18"]
[White "Rudolph, Stephanie"]
[Black "Albrecht, Rainer"]
[Result "1/2-1/2"]
[WhiteElo "1893"]
[BlackElo "2100"]
[Annotator "Kreuzberg,Schachclub"]
[PlyCount "36"]
[EventDate "2015.??.??"]
[WhiteTeam "SF Friedrichshagen"]
[BlackTeam "SC Kreuzberg"]

1. d4 {[%emt 0:00:00]} e6 2. e4 d5 3. exd5 exd5 4. Bd3 Nc6 5. c3 Bd6 6. Qf3
Nce7 7. Bf4 Ng6 8. Bxd6 Qxd6 9. Nd2 Nf6 10. O-O-O O-O 11. Qg3 Qxg3 12. hxg3 Ng4
13. Nh3 Bd7 14. Rde1 Rfe8 15. Kd1 c6 16. Rxe8+ Rxe8 17. Re1 Rxe1+ 18. Kxe1 f6
1/2-1/2

[Event "Werner-Ott-Open Kreuzberger Sommer 2015"]
[Site "Berlin"]
[Date "2015.07.14"]
[Round "4.19"]
[White "Zur, Jan"]
[Black "Schmalzried, Volker"]
[Result "1/2-1/2"]
[WhiteElo "2093"]
[BlackElo "1894"]
[Annotator "Kreuzberg,Schachclub"]
[PlyCount "117"]
[EventDate "2015.??.??"]
[WhiteTeam "SC Zugzwang 95 (Berlin)"]
[BlackTeam "ohne Verein"]

1. e4 {[%emt 0:00:00]} c5 2. Nf3 Nc6 3. Bb5 g6 4. O-O Bg7 5. Re1 Nf6 6. e5 Ng4
7. Bxc6 bxc6 8. d4 cxd4 9. Qxd4 Nh6 10. Bxh6 Bxh6 11. e6 O-O 12. exf7+ Rxf7 13.
Ne5 Rf4 14. Qd3 Qf8 15. Nc3 Bg7 16. Nxd7 Bxd7 17. Qxd7 Bxc3 18. bxc3 Rxf2 19.
Qxc6 Rf7 20. Qe6 Rd8 21. Rad1 Kg7 22. Qe5+ Kg8 23. Qe6 Kg7 24. c4 Rxd1 25. Rxd1
Qb8 26. Qe3 Qf4 27. Qxa7 Qxc4 28. Qd4+ Qxd4+ 29. Rxd4 e5 30. Rb4 Rd7 31. Rb1
Rd2 32. a4 Rxc2 33. Ra1 Rc6 34. a5 Ra6 35. Kf2 Kf6 36. Ke3 Kf5 37. Ra4 h5 38.
g3 Kf6 39. Ke4 Ke6 40. Ra1 Kd6 41. h4 Ke6 42. Ra2 Kf6 43. Ra3 Ke6 44. Ra4 Kf6
45. Kd5 Kf5 46. Kc5 e4 47. Kb5 Ra8 48. Kc4 Re8 49. Kc3 Kg4 50. a6 Kxg3 51. a7
Ra8 52. Kd4 Kxh4 53. Kxe4 Kg4 54. Ke3+ Kg3 55. Ke2 g5 56. Kf1 g4 57. Kg1 Kh3
58. Ra1 g3 59. Ra5 1/2-1/2

[Event "Werner-Ott-Open Kreuzberger Sommer 2015"]
[Site "Berlin"]
[Date "2015.07.14"]
[Round "4.20"]
[White "Scholta, Danilo"]
[Black "Richter, Goetz"]
[Result "0-1"]
[WhiteElo "1777"]
[BlackElo "2085"]
[Annotator "Kreuzberg,Schachclub"]
[PlyCount "50"]
[EventDate "2015.??.??"]
[WhiteTeam "SV Empor Berlin"]
[BlackTeam "Klub K[+]lner SF"]

1. d4 {[%emt 0:00:00]} Nf6 {[%emt 0:00:10]} 2. e3 d6 3. Bd3 e5 4. Nc3 Be6 5.
Nf3 Nbd7 6. h3 h6 7. b3 c6 8. O-O b5 9. dxe5 dxe5 10. Ne4 Nxe4 11. Bxe4 Qc7 12.
Nh4 g6 13. Bb2 Be7 14. Nf3 O-O 15. Nh2 f5 16. Bd3 Nc5 17. f3 Rad8 18. Qb1 Qb6
19. Kh1 Bf6 20. g4 Nxd3 21. cxd3 Qxe3 22. Re1 Qf2 23. Qc1 fxg4 24. Qxh6 Bg7 25.
Qxg6 Rf6 0-1